Minerals and gems : (Запис № 525632)

МАРК-запис
000 -LEADER
fixed length control field 01781cam a2200385 i 4500
001 - CONTROL NUMBER
control field mineralsgemscolo00macf
003 - CONTROL NUMBER IDENTIFIER
control field CaSfIA
005 - DATE AND TIME OF LATEST TRANSACTION
control field 20210118185719.0
007 - PHYSICAL DESCRIPTION FIXED FIELD--GENERAL INFORMATION
fixed length control field cr||||
008 - FIXED-LENGTH DATA ELEMENTS--GENERAL INFORMATION
fixed length control field 741111s1975 nyua b 001 0 eng
010 ## - LIBRARY OF CONGRESS CONTROL NUMBER
LC control number 74028082
040 ## - CATALOGING SOURCE
Original cataloging agency DLC
Transcribing agency DLC
Modifying agency BTCTA
-- OCLCQ
-- CaSfIA
020 ## - INTERNATIONAL STANDARD BOOK NUMBER
International Standard Book Number 069000687X
020 ## - INTERNATIONAL STANDARD BOOK NUMBER
International Standard Book Number 9780690006872
035 ## - SYSTEM CONTROL NUMBER
System control number (OCoLC)1104203
043 ## - GEOGRAPHIC AREA CODE
Geographic area code n-us---
050 00 - LIBRARY OF CONGRESS CALL NUMBER
Classification number QE363.2
Item number .G8313 1975
082 00 - DEWEY DECIMAL CLASSIFICATION NUMBER
Classification number 549
029 1# - (OCLC)
OCLC library identifier AU@
System control number 000000455373
245 00 - TITLE STATEMENT
Title Minerals and gems :
Medium [electronic resource]
Remainder of title a color treasury for collectors and guide to hunting locations /
Statement of responsibility, etc Russell P. MacFall.
260 ## - PUBLICATION, DISTRIBUTION, ETC. (IMPRINT)
Place of publication, distribution, etc New York :
Name of publisher, distributor, etc Crowell,
Date of publication, distribution, etc [1975]
300 ## - PHYSICAL DESCRIPTION
Extent xi, 242 p. :
Other physical details ill. (some col.) ;
Dimensions 28 cm.
500 ## - GENERAL NOTE
General note "Pages 1-128 ... are based on Guida ai minerali, by Ambrogio Del Caldo ... [et al.] published in Italy in 1973."
504 ## - BIBLIOGRAPHY, ETC. NOTE
Bibliography, etc Includes bibliographical references (p. 231) and index.
506 ## - RESTRICTIONS ON ACCESS NOTE
Standardized terminology for access restriction Необхідна авторизація на https://archive.org/ (створення облікового запису безкоштовно)
506 ## - RESTRICTIONS ON ACCESS NOTE
Standardized terminology for access restriction Необхідна авторизація на https://openlibrary.org/ (створення облікового запису безкоштовно)
650 #0 - SUBJECT ADDED ENTRY--TOPICAL TERM
Topical term or geographic name as entry element Mineralogy.
650 #0 - SUBJECT ADDED ENTRY--TOPICAL TERM
Topical term or geographic name as entry element Minerals
General subdivision Collection and preservation
Geographic subdivision United States.
700 1# - ADDED ENTRY--PERSONAL NAME
Personal name MacFall, Russell P.,
Relator term ed.
730 0# - ADDED ENTRY--UNIFORM TITLE
Uniform title Guida ai minerali.
776 08 - ADDITIONAL PHYSICAL FORM ENTRY
Display text Online version:
Title Minerals and gems.
Place, publisher, and date of publication New York : Crowell, [1975]
Record control number (OCoLC)624475640
856 41 - ELECTRONIC LOCATION AND ACCESS
Uniform Resource Identifier <a href="http://www.archive.org/details/mineralsgemscolo00macf">http://www.archive.org/details/mineralsgemscolo00macf</a>
Public note Free eBook from the Internet Archive
856 42 - ELECTRONIC LOCATION AND ACCESS
Uniform Resource Identifier <a href="http://www.openlibrary.org/books/OL5062757M">http://www.openlibrary.org/books/OL5062757M</a>
Public note Additional information and access via Open Library
942 ## - ADDED ENTRY ELEMENTS (KOHA)
Koha item type ЕКнига

Немає доступних примірників.